| 000 | 02093nam a2200253Ia 4500 | ||
|---|---|---|---|
| 003 | Ost | ||
| 005 | 20260507075621.0 | ||
| 008 | 260507s9999||||xx |||||||||||||| ||und|| | ||
| 020 | _a9789957337384 | ||
| 040 | _cfsecg | ||
| 041 | _aara | ||
| 082 | _a658.83 | ||
| 100 |
_aمسغوني، منى _eمؤلف |
||
| 245 | 0 |
_aدراسة الأسواق : _bتقنيات ونماذج / _c منى مسغوني |
|
| 246 | _aMarket study : Techniques and models | ||
| 260 |
_aالأردن: _bمؤسسة الوراق للنشر والتوزيع;الدار الجزائرية, _c2020 |
||
| 300 |
_a217 صفحة؛ _bإيضاحات ؛ _c25 سم |
||
| 504 | _aالمراجع ص.211 | ||
| 520 | _aالكتاب الحالي يتحدث عن منهاج دراسة الأسواق كأحد أهم مجال من مجالات بحوث التسويق. حيث يقترح مجموعة من الاجراءات التقنية التي يمكن تنفذها لانتاج وتقديم معلومات مهمة وموثوقة . بهدف المساعدة على اتخاذ القرار في ميادين التسويق. هذه المعلومات يمكن ان تستعمل في تحليل مشكل او اقتراح عدد من الحلول او في مراجعة فعالية القرارات المتخذة. يعد هذا الكتاب مرجعا اساسيا في مجال التسويق وتطبيقاته ومصدرا لمعرفة تقنيات وطرق دراسة السوق، فهو كتاب اكاديمي بيداغوجيا لغاية منه تسهيل مهمة التدريس . كما يعتبر مصدرا لمسؤولي المنظمة في اختيار الطرق التقنية الاكثر ملائمة من حيث المدة والتكلفة والفعالية والكفاءة لحصول على المعلومات ذات نوعية الجيدة لاستغلالها بالطريقة المناسبة في مجال النشاط التسويقي. | ||
| 653 | _aادارة التسويق | ||
| 653 | _aبحوث التسويق | ||
| 700 |
_aالأزهر، عزه _eمؤلف ثانوي |
||
| 942 | _cكتاب | ||
| 999 |
_c45140 _d45140 |
||